Creando valor : clienting /

Colección de tres discos compactos, más un manual, en que se abordan diversos aspectos de las ciencias administrativas: 1. Clienting: 2. Liderazgo para el cambio; 3. Make a Dream. Contenido del presente CD: 1. El círculo del crecimiento sostenible; La propuesta del valor y la satisfacción del client...

Ausführliche Beschreibung

Gespeichert in:
Bibliographische Detailangaben
1. Verfasser: Huete, Luis María (autor)
Weitere Verfasser: Mussull, Sergi (programación) (programación), Duran, Marc (fotógrafo) (fotógrafo)
Format: Elektronisch
Sprache:Spanisch
Veröffentlicht: Barcelona, España : Tibidabo : Deusto, 2003, c2003
Schlagworte:
Tags: Tag hinzufügen
Keine Tags, Fügen Sie das erste Tag hinzu!

MARC

LEADER 00000nmm^a2200000^a^4500
001 000166551
005 20250521000000.0
009 20260310101056.367
037 |a Acervo ITESO - Biblioteca 
041 |a ESP 
082 |a 658.  |b HUE V. 1 
100 |a Huete, Luis María  |e (autor) 
240 1 1 |a [Creando valor] 
245 1 0 |a Creando valor :  |b clienting /  |c L.M. Huete ; autor del software S. Mussull ; fotografía de M. Duran. 
264 4 |a Barcelona, España :  |b Tibidabo :  |b Deusto,  |c 2003, c2003 
300 |a 1 disco compacto de computadora +  |e 1 folleto (32 p.) 
336 |a datos para computadora  |b cod  |2 rdacontenido 
337 |a computadora  |b c  |2 rdamedio 
338 |a disco de computadora  |b cd  |2 rdasoporte 
520 |a Colección de tres discos compactos, más un manual, en que se abordan diversos aspectos de las ciencias administrativas: 1. Clienting: 2. Liderazgo para el cambio; 3. Make a Dream. Contenido del presente CD: 1. El círculo del crecimiento sostenible; La propuesta del valor y la satisfacción del cliente; Los comportamientos leales; Las economías de la lealtad; La cuarta fuerza; El clienting como proceso. 
649 |a XX 
650 |a Clientes 
650 |a Atención al Cliente 
650 |a Persuasión del Consumidor 
650 |a Comportamiento del Consumidor 
650 |a Competencia (Economía) 
650 |a Ventas 
650 |a Relaciones Públicas 
650 |a Promoción del Servicio 
650 |a Promoción del Producto 
650 |a Mezcla de Mercadotecnia 
650 |a Mercadotecnia 
650 |a Administración del Producto 
650 |a Proceso Administrativo 
650 |a Calidad Total 
650 |a Administración 
650 |a Ciencias Administrativas 
740 0 |a Creando valor :  |b manual de aprendizaje /  |c L.M. Huete. 
700 |a Mussull, Sergi  |e (programación) 
700 |a Duran, Marc  |e (fotógrafo) 
910 |a Fondo General 
920 |a Electrónicos - Recursos en Disco 
905 |a 207 
901 |a 0500102851  |b IT2  |c SWS  |u 20250521 
901 |a 0500102841  |b IT2  |c SAS  |u 20250521 
902 |a https://opac.biblio.iteso.mx/vufind/Record/000166551